000 01042cam a22003254a 4500
001 15650331
003 OSt
005 20140310182836.0
008 090306s2010 iaua 001 0 eng
010 _a 2009008619
020 _a9780071325790
040 _aDLC
_cDLC
_dDLC
050 0 0 _aQL 47.2
_b.M651 2011
082 0 0 _aM 590
_28th ed.
_bM651 2011
100 1 _aMiller, Stephen A.
245 1 0 _aZoology
_cMiller, Stephen A., Harley, John P.
250 _a8th ed.
260 _aNew York :
_bMcGraw-Hill Companies, Inc.,
_cc2011.
300 _axvi, 592 p. :
_bill. ;
_c26 cm.
500 _aIncludes index.
521 _aCollege Students
526 _c1210L-1700L
541 _j1
562 _efor circulation : 1 copy available in the collection
650 0 _aZoology.
700 1 _aHarley, John P.
906 _a7
_bcbc
_corignew
_d1
_eecip
_f20
_gy-gencatlg
942 _2lcc
_cBK
_kM
999 _c16757
_d16757